India's windows / (Record no. 39190)

MARC details
000 -LEADER
fixed length control field 02220nam a22003257a 4500
005 - DATE AND TIME OF LATEST TRANSACTION
control field 20100804122956.0
010 ## - LCCN (DPL NO)
LC control number ENG-98210
020 ## - INTERNATIONAL STANDARD BOOK NUMBER
International Standard Book Number 9788184351002
Terms of availability 795.00
035 ## - SYSTEM CONTROL NUMBER
System control number EN-81743
035 ## - SYSTEM CONTROL NUMBER
System control number B-423480-486
037 ## - SOURCE OF ACQUISITION
Source of stock number/acquisition DBAD/PUB
082 ## - DEWEY DECIMAL CLASSIFICATION NUMBER
Classification number 305.4896540954
100 ## - MAIN ENTRY--PERSONAL NAME
Personal name Barik, S.
245 ## - TITLE STATEMENT
Title India's windows /
Statement of responsibility, etc by S. Barik
260 ## - PUBLICATION, DISTRIBUTION, ETC. (IMPRINT)
Place of publication, distribution, etc New Delhi
Name of publisher, distributor, etc Adhayan Publishers
Date of publication, distribution, etc 2010
270 ## - ADDRESS
Address 4378/4B,105, J. M. D. House Lal Street Ansari Road Daryaganj
City New Delhi
Postal code 110002
300 ## - PHYSICAL DESCRIPTION
Extent 296 p.
Other physical details 21cm (Hb)
500 ## - GENERAL NOTE
General note Includes index
650 ## - SUBJECT ADDED ENTRY--TOPICAL TERM
Topical term or geographic name as entry element India
Form subdivision Windows
942 ## - ADDED ENTRY ELEMENTS (KOHA)
Source of classification or shelving scheme Dewey Decimal Classification
Item type English Books
Classification part 305.4896540954
Call number suffix BAR
Holdings
Withdrawn status Lost status Not for loan Collection code Home library Current library Date acquired Cost, normal purchase price Full call number Barcode Copy number Cost, replacement price Koha item type Source of acquisition
      Non-fiction Central Library Central Library 01/08/2011 795.00 305.4896540954 BAR B-423480 1 795.00 English Books DE/2010/CR/0002704/11.3.11/280/4.3.11/17.3.11/23.3.11
    Not For Loan Non-fiction D.B.Act.Division D.B.Act.Division 04/08/2010 795.00 305.4896540954 BAR EN-81743 1 795.00 English Books  
      Non-fiction Mobile Library Mobile Library 01/08/2011 795.00 305.4896540954 BAR B-423481 5 795.00 English Books DE/2010/CR/0002704/11.3.11/280/4.3.11/17.3.11/23.3.11
      Non-fiction Mobile Library Mobile Library 01/08/2011 795.00 305.4896540954 BAR B-423482 5 795.00 English Books DE/2010/CR/0002704/11.3.11/280/4.3.11/17.3.11/23.3.11
      Non-fiction Mobile Library Mobile Library 01/08/2011 795.00 305.4896540954 BAR B-423483 5 795.00 English Books DE/2010/CR/0002704/11.3.11/280/4.3.11/17.3.11/23.3.11
      Non-fiction Mobile Library Mobile Library 01/08/2011 795.00 305.4896540954 BAR B-423484 5 795.00 English Books DE/2010/CR/0002704/11.3.11/280/4.3.11/17.3.11/23.3.11
      Non-fiction Mobile Library Mobile Library 01/08/2011 795.00 305.4896540954 BAR B-423485 5 795.00 English Books DE/2010/CR/0002704/11.3.11/280/4.3.11/17.3.11/23.3.11
      Non-fiction Shahdara Branch Shahdara Branch 01/08/2011 795.00 305.4896540954 BAR B-423486 1 795.00 English Books DE/2010/CR/0002704/11.3.11/280/4.3.11/17.3.11/23.3.11

© Delhi Public Library
Hit Counter
free hit counter